Random Cities Flipped Across the Map - Statistics

General Stats
  • This quiz has been taken 13 times
  • The average score is 6 of 10
Answers on the Map
Answers color-coded by a green-red scale on the quiz's map according to % correct below.
 
Answer Stats
City % Correct
Ankara
100%
Baghdad
100%
Bandung
100%
Bangkok
100%
Bogota
100%
Cairo
100%
Chittagong
100%
Delhi
100%
Dubai
100%
Jakarta
100%
Kabul
100%
Kano
100%
Karachi
100%
Kinshasa
100%
Kuala Lumpur
100%
Lagos
100%
Lima
100%
Manila
100%
Mexico City
100%
Monterrey
100%
Nairobi
100%
New York
100%
Osaka
100%
Rio de Janeiro
100%
Santiago
100%
Singapore
100%
Tehran
100%
Washington, D.C.
100%
Alexandria
67%
Beijing
67%
Melbourne
67%
Abidjan
50%
Bamako
50%
Chengdu
50%
Dar es Salaam
50%
Dhaka
50%
Hanoi
50%
Paris
50%
Riyadh
50%
Seoul
50%
Shanghai
50%
Tokyo
50%
Boston
33%
Ho Chi Minh City
33%
Khartoum
33%
Yangon
33%
Accra
0%
Amman
0%
Bangalore
0%
Buenos Aires
0%
Chennai
0%
Chicago
0%
Cologne/Dusseldorf
0%
Guadalajara
0%
Guangzhou
0%
Istanbul
0%
Johannesburg
0%
Kolkata
0%
Lahore
0%
London
0%
Los Angeles
0%
Luanda
0%
Madrid
0%
Milan
0%
Moscow
0%
Nagoya
0%
São Paulo
0%
St. Petersburg
0%
Surabaya
0%
Taipei
0%
Xiamen
0%
No matching quizzes found
Score Distribution
Percent of People with Each Score
Percentile by Number Answered
Your Score History
You have not taken this quiz